Geografía e Historia : Vol. 3: Investigación, Innovación y Buenas Prácticas

Kaydedildi:
Detaylı Bibliyografya
Diğer Yazarlar: Prats, Joaquín (autor y coordinador), Concha Fuentes, Miquel Albert (autor), Gutiérrez, J.Mª (autor), Hernández Cardona, F. Xavier (autor), López Facal, Ramón (autor), Miralles, Pedro (autor), Molina, Sebastián (autor), Rivero, Pilar (autor), Santacana, Joan (autor)
Materyal Türü: Kitap
Dil:İspanyolca
Baskı/Yayın Bilgisi: Barcelona, España Editorial GRAÓ 2019
Edisyon:1ª edición
Seri Bilgileri:Formación de Profesorado. Educación Secundaria
Konular:
Etiketler: Etiketle
Etiket eklenmemiş, İlk siz ekleyin!

MARC

LEADER 00000nam a22000005a 4500
003 CL-ChUAC
005 20230309112016.0
007 ta
008 170517s2019 sp ||||| |||| 000 ||spa
020 |a 978-84-9980-301-2  
040 |a CL-ChBUA  |c CL-ChBUA  |e rda 
082 0 0 |2 22  |a 372.89 
245 1 0 |a Geografía e Historia :   |b Vol. 3: Investigación, Innovación y Buenas Prácticas  |c Joaquín Prats (coordinador); Miquel Albert Concha Fuentes; J,Mª. Gutiérrez F. Xavier Hernandez Cardona + otros cinco (autores) 
250 |a 1ª edición 
260 |a Barcelona, España  |b Editorial GRAÓ  |c 2019 
300 |a 231 páginas  |b cuadros, planos, fotos e ilustraciones en blanco y negro  |c 24 cm 
336 |2 rdacontent  |a text  |b txt 
337 |2 rdamedia  |a unmediated  |b n 
338 |2 rdacarrier  |a volume  |b nc 
440 |a Formación de Profesorado. Educación Secundaria  |n Nº 8 
500 |a 1ª edición: 2011 4ª reimpresión: 2019 
504 |a índice 
650 4 |a GEOGRAFÍA  |x ENSEÑANZA 
650 4 |a HISTORIA  |x ENSEÑANZA 
700 1 |a Prats, Joaquín  |e autor y coordinador 
700 1 |a Concha Fuentes, Miquel Albert  |e autor 
700 1 |a Gutiérrez, J.Mª  |e autor 
700 1 |a Hernández Cardona, F. Xavier  |e autor 
700 1 |a López Facal, Ramón  |e autor 
700 1 |a Miralles, Pedro  |e autor 
700 1 |a Molina, Sebastián  |e autor 
700 1 |a Rivero, Pilar  |e autor 
700 1 |a Santacana, Joan  |e autor 
942 |2 ddc  |c LIB 
945 |0 nac 
952 |0 0  |1 0  |2 ddc  |4 0  |6 372_890000000000000_G_345_VOL__3_2019  |7 0  |9 1174085  |a UNACH  |b UNACH  |c 300  |d 2023-03-09  |i 69.091  |l 5  |m 9  |o 372.89 / G 345 Vol. 3 2019  |p 109998  |r 2024-12-19 00:00:00  |s 2024-11-22  |t 1  |w 2023-03-09  |y LIB  |� PedEdGEnera 
999 l |c 2368610  |d 236861